| 000 | 00986nam a2200277 c 4500 | ||
|---|---|---|---|
| 003 | BLK | ||
| 005 | 20180422113210.0 | ||
| 008 | 180410b bul|||||r ||||||| ||bul|| | ||
| 010 | _aKNG00159630000 | ||
| 040 | _aBLK | ||
| 041 |
_aBUL _cBUL |
||
| 080 |
_aБългарска литература _b821.163.2 _x-4 _z821.163.2-4 |
||
| 100 | 1 |
_aДраганов, Неделчо Петков _eпърви автор _9380450 |
|
| 139 |
_aДраганов, Неделчо Петков _bД 85 |
||
| 245 | 1 | 0 |
_aПролетен вятър _bОчерци _cНеделчо Петков Драганов. |
| 257 | _aBGR | ||
| 260 |
_аСофия _bНар. младеж _c1957 |
||
| 300 |
_a147 с. _bс ил. _c18 см |
||
| 380 | _aX | ||
| 500 | _a3 000 тир. | ||
| 852 | _aЦб І 987 | ||
| 856 | 4 |
_qpdf _u |
|
| 856 | 4 |
_qpdf _u |
|
| 942 |
_cKNG _n0 |
||
| 944 |
_aCR _c10.04.2014 _l10.04.2014 - от С1,Р / 10.04.2014 _kГеновева_Генчева |
||
| 944 |
_aED _c11.04.2014 _l10.04.2014 - от С1,Р / 10.04.2014 _k |
||
| 999 |
_c153111 _d153111 |
||